000 01364nam0a2200325 4500
001 RU\NLR\bibl\62085
005 20250616091929.0
021 _aRU
_b99-33655
_91656
035 _a(NLR Aleph) 000060579
090 _a329764
_c329764
100 _a19991206d1999 |||y0rusy50 ca
101 0 _arus
_aeng
102 _aRU
105 _ay |||||||||
200 1 _aПрактическая морфология английского языка
_eУчеб. пособие
_e[Для студентов 3-го курса англ. отд-ния спец. фак.]
_fН.Г. Гавриленко, С.А. Макаров, С.С. Хватова
_gМ-во общ. и проф. образования Рос. Федерации, Твер. гос. ун-т
210 _aТверь
_cТвер. гос. ун-т
_d1999
215 _a89 с.
_d20
320 _aБиблиогр.: с. 88 (9 назв.)
606 1 _aАнглийский язык
_jУчебные издания
_xМорфология
_9970618
_3RU\NLR\auth\6645159
686 1 _aШ143.21-93рус3-21
700 1 _aГавриленко
_bН. Г.
_4070
701 1 _aМакаров
_bС. А.
_4070
701 1 _aХватова
_bС. С.
_4070
801 0 _aRU
_bNLR
_c19991206
_gPSBO
801 1 _aRU
_bNLR
_c19991206
852 _aNLR
_j99-4/8145
942 _cBOOK
980 _aNB